000
00198 a2200097 4500
001
8409
100
_a
Bureke, E
245
_a
Edmund Bweke Selections
260
_a
_b
Oxford
_c
090
_c
6779
_d
6779
942
_a
NUST-CAE
_c
M
_c
33354
999
_c
243482
_d
243482